000 00344 a2200157 4500
001 46148
020 _a978-85-7208-783-4
040 _cAnchieta - Aquarius
100 _aSAITO, André
240 1 0 _aThomás tristonho
_lpor
245 1 0 _aThomás tristonho
300 _a
362 0 _a0
650 4 _aLiteratura infanto-juvenil
942 _cBK
999 _c46148
_d46148